000 00633nam a2200229Ia 4500
003 OSt
005 20220926035414.0
006 a|||||r|||| 00| 0
007 ta
008 220923b |||||||| |||| 00| 0 eng d
037 _cGeneral Book
040 _aRTL
_cRTL
_beng
041 _2eng
_aeng
082 _aX0aR, C3
100 _aBonar James
_980417
245 0 _aPhilosophy and political economy in some of their
260 _c1893
490 _aLibrary of Philosophy. Ed by J H Muirhead
650 _aEconomics IRT Philosophy
_9341961
942 _hX0aR, C3
_cGB
_2CC
999 _c662138
_d662138